000 01103nam a22003257a 4500
001 00260
003 DO-SdBPM
005 20251104124756.0
007 ta
008 151112b1988 sp |||| 00| 0 spa d
020 _a8420738158
040 _aDO-SdBPM
_bspa
_cBPMSU
_erda
082 4 _a980.2
_bZ36c 1988
_222
100 1 _4Zaragoza, Gonzalo.
_eautor
245 1 0 _aColón y el descubrimiento /
_cGonzalo Zaragoza ; coordinación científica Joaquín Prats i Cuevas.
264 _aMadrid :
_bAnaya,
_c1988.
300 _a95 páginas
_bilustraciones ;
_c19 cm.
336 _atexto
_btxt
_2rdacontent
337 _asin mediación
_bn
_2rdamedia
338 _avolumen
_bnc
_2rdacarrier
490 0 _aBiblioteca básica de historia ;
_aMonografía
500 _aIncluye índice alfabético
504 _aBibliografía : página 95
590 _aInventariado, 2025/VM
600 1 7 _aColón, Cristóbal,
_d1451-1506.
651 7 _aAmérica
_xDescubrimiento y exploraciones.
700 1 _aPrats i Cuevas, Joaquín,
_ecoordinador
910 _aVMateo V. Control de calidad. BPMSU
942 _2ddc
_cBK
999 _c8671
_d8671